|
|
|
|
| LEADER |
01487nam a2200361 a 4500 |
| 001 |
38304 |
| 003 |
BD-DhAAL |
| 005 |
20220407114243.0 |
| 008 |
220407t19871986nyuac b 000 0aeng d |
| 999 |
|
|
|c 44014
|d 44014
|
| 010 |
|
|
|a 86033630
|
| 020 |
|
|
|a 0935312714 :
|c $29.95
|
| 020 |
|
|
|a 0935312706 (pbk.) :
|c $9.95
|
| 040 |
|
|
|a DLC
|c DLC
|d DLC
|d BD-DhAAL
|
| 041 |
1 |
|
|a engara
|
| 043 |
|
|
|a f-ua---
|
| 050 |
0 |
0 |
|a HQ1793.S5
|b A3 1987
|
| 082 |
0 |
0 |
|a 305.420924
|2 19
|
| 100 |
1 |
|
|a Shaʻrāwī, Hudá,
|d 1879-1947.
|9 47810
|
| 240 |
1 |
0 |
|a Mudhakkirātī.
|l English
|
| 245 |
1 |
0 |
|a Harem years :
|b the memoirs of an Egyptian feminist (1879-1924) /
|c Huda Shaarawi ; translated, edited, and introduced by Margot Badran.
|
| 260 |
|
|
|a New York :
|b Feminist Press at the City University of New York,
|c 1987, c1986.
|
| 300 |
|
|
|a ix, 158 pages :
|b illustrations, ports. ;
|c 24 cm.
|
| 500 |
|
|
|a Translation of: Mudhakkirātī.
|
| 504 |
|
|
|a Includes bibliographical references (pages [138]-147).
|
| 541 |
|
|
|a Donated By Akbar Ali Khan
|e 38304
|
| 600 |
1 |
0 |
|a Shaʻrāwī, Hudá,
|d 1879-1947.
|9 47810
|
| 650 |
|
0 |
|a Feminists
|z Egypt
|x Biography.
|9 47811
|
| 650 |
|
0 |
|a Women
|z Egypt
|x Social conditions.
|9 47812
|
| 700 |
1 |
|
|a Badran, Margot.
|9 47813
|
| 852 |
|
|
|a Ayesha Abed Library
|c Akbar Ali Khan Collection
|
| 942 |
|
|
|2 ddc
|c BK
|
| 952 |
|
|
|0 0
|1 0
|2 ddc
|4 0
|6 305_420924000000000_SHA
|7 1
|9 70411
|a BRACUL
|b BRACUL
|c AAKC
|d 2022-04-07
|e Donated by Akbar Ali Khan
|l 0
|o 305.420924 SHA
|p 3010038304
|r 2022-04-07
|t 1
|w 2022-04-07
|y BK
|